Ancient Naga head hunters: (Record no. 19785)

MARC details
000 -LEADER
fixed length control field 00926nam a22002417a 4500
008 - FIXED-LENGTH DATA ELEMENTS--GENERAL INFORMATION
fixed length control field 081212t xxu||||| |||| 00| 0 eng d
010 ## - LCCN (DPL NO)
LC control number ENG-92167
020 ## - INTERNATIONAL STANDARD BOOK NUMBER
Terms of availability 295.00
International Standard Book Number 9788183242875
020 ## - INTERNATIONAL STANDARD BOOK NUMBER
Terms of availability 295.00
International Standard Book Number 8183242871
035 ## - SYSTEM CONTROL NUMBER
System control number EN-75700
037 ## - SOURCE OF ACQUISITION
Source of stock number/acquisition DBAD / PUB
040 ## - CATALOGING SOURCE
Original cataloging agency dpl
Language of cataloging English
082 ## - DEWEY DECIMAL CLASSIFICATION NUMBER
Classification number 398.2095457
100 ## - MAIN ENTRY--PERSONAL NAME
Personal name Penzu, T.
245 ## - TITLE STATEMENT
Title Ancient Naga head hunters:
Statement of responsibility, etc by T. Penzu
Remainder of title lives and tales in prose and poetry /
260 ## - PUBLICATION, DISTRIBUTION, ETC. (IMPRINT)
Place of publication, distribution, etc New Delhi
Name of publisher, distributor, etc Mittal Publications
Date of publication, distribution, etc 2009
270 ## - ADDRESS
Address 4594/9, Daryaganj,
City New Delhi
Postal code 10002
300 ## - PHYSICAL DESCRIPTION
Extent xxvi, 134p.
Dimensions 22cm (Hb)
650 ## - SUBJECT ADDED ENTRY--TOPICAL TERM
Topical term or geographic name as entry element Naga (South Asian people)
General subdivision Folklore.
650 ## - SUBJECT ADDED ENTRY--TOPICAL TERM
Topical term or geographic name as entry element Tales
Geographic subdivision India
-- Nāgāland.
942 ## - ADDED ENTRY ELEMENTS (KOHA)
Source of classification or shelving scheme Dewey Decimal Classification
Item type English Books
Call number suffix PEN
Classification part 398.2095457
Holdings
Withdrawn status Lost status Source of classification or shelving scheme Damaged status Not for loan Collection code Home library Current library Date acquired Source of acquisition Cost, normal purchase price Total Checkouts Full call number Barcode Date last seen Copy number Cost, replacement price Koha item type
    Dewey Decimal Classification   Not For Loan Non-fiction D.B.Act.Division D.B.Act.Division 12/12/2008 DBAD / PUB 295.00   398.2095457 PEN EN-75700 12/12/2008 1 295.00 English Books

© Delhi Public Library
Hit Counter
free hit counter